[Event "Western Canadian op"]
[Site "Richmond CAN"]
[Date "2004.07.13"]
[Round "5"]
[White "Welling, Gerard"]
[Black "Cramling, Pia"]
[Result "1-0"]
[WhiteElo "2361"]
[BlackElo "2489"]
[PlyCount "91"]
[GameId "2160767911095563"]
[EventDate "2004.07.09"]
[EventType "swiss"]
[EventRounds "10"]
[EventCountry "CAN"]
[SourceTitle "CBM 101 Extra"]
[Source "ChessBase"]
[SourceDate "2004.09.01"]
[SourceVersion "2"]
[SourceVersionDate "2004.09.01"]
[SourceQuality "1"]

1. d4 d5 2. Bg5 h6 3. Bh4 c6 4. a3 Qb6 5. Ra2 Bf5 6. e3 Nd7 7. c4 Bxb1 8. Qxb1 e5 9. Nf3 e4 10. Nd2 g5 11. Bg3 f5 12. c5 Qd8 13. h4 Bg7 14. hxg5 hxg5 15. Rxh8 Bxh8 16. Bd6 Nh6 17. Be2 Nf6 18. b4 Nf7 19. Bg3 a6 20. a4 Qd7 21. b5 axb5 22. axb5 Rxa2 23. Qxa2 cxb5 24. Qa5 Ke7 25. Bxb5 Qc8 26. Qa3 Ke6 27. Nb3 Nh5 28. Bh2 g4 29. Qa7 f4 30. Qb6+ Kf5 31. Bxf4 Nxf4 32. exf4 Bf6 33. g3 Bd8 34. Qa7 Qc7 35. Ke2 Nh6 36. Qa1 Qe7 37. Qa4 Ke6 38. Be8 Ng8 39. Nd2 Nf6 40. Bg6 Qd7 41. Qb4 Qc6 42. Kf1 Qa6+ 43. Kg1 Ba5 44. Qb2 e3 45. fxe3 Qe2 46. Qxb7 1-0

[Event "Western Canadian op"]
[Site "Richmond CAN"]
[Date "2004.07.13"]
[Round "5.2"]
[White "Bellon Lopez, Juan Manuel"]
[Black "Fuentebella, Mayo"]
[Result "1-0"]
[WhiteElo "2447"]
[BlackElo "2348"]
[PlyCount "151"]
[GameId "2160767911095564"]
[EventDate "2004.07.09"]
[EventType "swiss"]
[EventRounds "10"]
[EventCountry "CAN"]

1. d4 d5 2. Nf3 Nf6 3. c4 c6 4. Nc3 e6 5. Bg5 Be7 6. e3 Nbd7 7. Qc2 h6 8. Bh4 O-O 9. O-O-O dxc4 10. Bxc4 b5 11. Be2 Bb7 12. Rhg1 Nd5 13. Bxe7 Qxe7 14. Kb1 a6 15. g4 g6 16. Nxd5 exd5 17. h4 Rac8 18. h5 g5 19. Qf5 Qe4+ 20. Bd3 Qxf5 21. Bxf5 Rcd8 22. Bxd7 Rxd7 23. Ne5 Rd6 24. Rc1 f6 25. Nd3 Re8 26. Kc2 a5 27. Kd2 Kg7 28. a4 Ba6 29. Rc5 Rb8 30. Rgc1 bxa4 31. Rxa5 Bxd3 32. Ra7+ Kg8 33. Kxd3 Rxb2 34. Ra1 Rxf2 35. R1xa4 Re6 36. Rc7 Re8 37. Raa7 Rf3 38. Rg7+ Kh8 39. Rge7 Rxe7 40. Rxe7 Rg3 41. Rf7 Rxg4 42. Rxf6 Kg7 43. Rg6+ Kh7 44. Rxc6 Rh4 45. Rc7+ Kg8 46. Rd7 Rxh5 47. Rxd5 Rh3 48. Re5 Kf7 49. d5 Rh1 50. Ke2 Ra1 51. Kf3 Rf1+ 52. Kg3 Rd1 53. e4 Rf1 54. d6 Rd1 55. Re7+ Kf6 56. e5+ Kf5 57. d7 h5 58. e6 h4+ 59. Kh2 g4 60. Re8 Rd2+ 61. Kg1 Rd1+ 62. Kf2 g3+ 63. Kf3 Rd3+ 64. Ke2 g2 65. Kxd3 g1=Q 66. d8=Q Qd1+ 67. Kc4 Qc2+ 68. Kb5 Qb3+ 69. Kc6 Qc4+ 70. Kd6 Qd4+ 71. Kc7 Qa7+ 72. Kc6 Qa4+ 73. Kd5 Qb5+ 74. Kd6 Qb4+ 75. Kd7 Qd4+ 76. Kc8 1-0

[Event "Western Canadian op"]
[Site "Richmond CAN"]
[Date "2004.07.13"]
[Round "5.3"]
[White "Kraidman, Yair"]
[Black "Lee, Vicente jr."]
[Result "1/2-1/2"]
[WhiteElo "2320"]
[BlackElo "2326"]
[PlyCount "22"]
[GameId "2160767911095565"]
[EventDate "2004.07.09"]
[EventType "swiss"]
[EventRounds "10"]
[EventCountry "CAN"]

1. d4 Nf6 2. c4 e6 3. Nf3 b6 4. g3 Bb7 5. Bg2 Bb4+ 6. Bd2 Bxd2+ 7. Nbxd2 c5 8. O-O O-O 9. e3 cxd4 10. Nxd4 Bxg2 11. Kxg2 Nc6 1/2-1/2

[Event "Western Canadian op"]
[Site "Richmond CAN"]
[Date "2004.07.13"]
[Round "5.4"]
[White "Henson, Joshua"]
[Black "Harper, Bruce"]
[Result "0-1"]
[WhiteElo "2207"]
[BlackElo "2326"]
[PlyCount "102"]
[GameId "2160767911095566"]
[EventDate "2004.07.09"]
[EventType "swiss"]
[EventRounds "10"]
[EventCountry "CAN"]

1. e4 g6 2. d4 d6 3. Nc3 a6 4. Be3 Bg7 5. Qd2 b5 6. Nf3 Bb7 7. Bd3 Nd7 8. a4 b4 9. Ne2 a5 10. Ng3 e6 11. O-O Ne7 12. Bh6 O-O 13. Rfe1 c5 14. c3 bxc3 15. bxc3 cxd4 16. cxd4 Nc6 17. Bxg7 Kxg7 18. Qf4 Nb4 19. Bb1 Qe7 20. e5 Bxf3 21. gxf3 d5 22. Qg4 Rac8 23. Kg2 Rc4 24. Ba2 Nxa2 25. Rxa2 Qb4 26. Rd1 Nxe5 27. Nh5+ Kh8 28. Qf4 Nd7 29. Nf6 Nxf6 30. Qxf6+ Kg8 31. h4 h5 32. Kh3 Rc7 33. Re2 Qe7 34. Qf4 Rfc8 35. Rg1 Kg7 36. Rb2 Qf6 37. Qxf6+ Kxf6 38. Rb5 Rc4 39. Rxa5 Rxd4 40. Ra1 Rc3 41. Kg2 Rd2 42. Ra8 Rcc2 43. a5 Rxf2+ 44. Kg1 Rg2+ 45. Kh1 Rh2+ 46. Kg1 Rxh4 47. a6 Rhc4 48. Ra5 Rb2 49. Ra1 Rcc2 50. a7 Ra2 51. Rb1 Rc7 0-1

[Event "Western Canadian op"]
[Site "Richmond CAN"]
[Date "2004.07.13"]
[Round "5.5"]
[White "Ristovic, Nenad"]
[Black "Haukenfrers, Dale"]
[Result "1/2-1/2"]
[WhiteElo "2339"]
[BlackElo "2160"]
[PlyCount "104"]
[GameId "2160767911095567"]
[EventDate "2004.07.09"]
[EventType "swiss"]
[EventRounds "10"]
[EventCountry "CAN"]

1. d4 d6 2. c4 c6 3. Nc3 h6 4. g3 g5 5. Bg2 Bg7 6. h3 Qb6 7. Nf3 g4 8. hxg4 Bxg4 9. Rh4 h5 10. b3 c5 11. Na4 Qc7 12. Bb2 Nd7 13. Qd2 Ngf6 14. Ng5 Bh6 15. f4 d5 16. Nh3 dxc4 17. dxc5 Rd8 18. Qb4 cxb3 19. Qxb7 Qa5+ 20. Bc3 b2 21. Qxb2 Qxa4 22. c6 Nb6 23. c7 Rc8 24. Bxf6 exf6 25. Qxf6 Qb4+ 26. Kf1 Bxe2+ 27. Kg1 O-O 28. Qxh6 Qd4+ 29. Kh2 Qxa1 30. Ng5 Qg7 31. Qd6 Qg6 32. Qc5 Rfe8 33. Nf3 Nd7 34. Qc3 Nf6 35. Ne5 Qg7 36. Bb7 Ng4+ 37. Kg2 Nxe5 38. fxe5 Bg4 39. Bxc8 Rxc8 40. Rh1 Qg6 41. Re1 Be6 42. Re2 Qg4 43. Rd2 Qh3+ 44. Kg1 Qf5 45. a4 Qe4 46. Rd4 Qb1+ 47. Kh2 Qb6 48. Qe3 Qxc7 49. Qg5+ Kf8 50. Qh6+ Kg8 51. Qg5+ Kf8 52. Qh6+ Kg8 1/2-1/2

[Event "Western Canadian op"]
[Site "Richmond CAN"]
[Date "2004.07.13"]
[Round "5.7"]
[White "Bouvier, Jesse"]
[Black "Davies, Lucas"]
[Result "1/2-1/2"]
[WhiteElo "2196"]
[BlackElo "2130"]
[PlyCount "43"]
[GameId "2160767911095568"]
[EventDate "2004.07.09"]
[EventType "swiss"]
[EventRounds "10"]
[EventCountry "CAN"]

1. e4 c6 2. d4 d5 3. e5 Bf5 4. Nc3 Qb6 5. Nf3 e6 6. Be2 c5 7. Be3 a6 8. b3 Nd7 9. O-O Qc7 10. Na4 b5 11. Nxc5 Nxc5 12. dxc5 Bxc5 13. Bxc5 Qxc5 14. c4 dxc4 15. bxc4 Ne7 16. cxb5 axb5 17. Qb3 b4 18. Rfc1 Qa5 19. Nd4 O-O 20. Bf3 Rac8 21. Nxf5 Nxf5 22. Qb2 1/2-1/2

[Event "Western Canadian op"]
[Site "Richmond CAN"]
[Date "2004.07.13"]
[Round "5.8"]
[White "Van den Bersselaar, Jeroen"]
[Black "Aird, Ian"]
[Result "1-0"]
[WhiteElo "2189"]
[BlackElo "2051"]
[PlyCount "73"]
[GameId "2160767911095569"]
[EventDate "2004.07.09"]
[EventType "swiss"]
[EventRounds "10"]
[EventCountry "CAN"]

1. d4 d5 2. c4 e6 3. Nf3 c6 4. g3 Nf6 5. Bg2 Bd6 6. O-O O-O 7. b3 Nbd7 8. Bb2 Re8 9. Nc3 b6 10. Nd2 Bb7 11. e4 dxe4 12. Ndxe4 Bf8 13. Qc2 Qc7 14. Rad1 Rad8 15. Bc1 h6 16. Bf4 Qc8 17. Nd6 Bxd6 18. Bxd6 e5 19. d5 cxd5 20. Nxd5 Nxd5 21. Bxd5 Nf6 22. Bxb7 Qxb7 23. Rfe1 Qc6 24. Bb4 Qf3 25. Rxd8 Rxd8 26. Rxe5 Rd1+ 27. Be1 Rd8 28. Qe2 Qc6 29. Bc3 Nh7 30. h4 Nf6 31. Re7 a6 32. g4 g5 33. hxg5 hxg5 34. f3 Qd6 35. Kg2 Qc6 36. Qe3 Nh7 37. Qe5 1-0

[Event "Western Canadian op"]
[Site "Richmond CAN"]
[Date "2004.07.13"]
[Round "5.9"]
[White "Spears, Nicholas"]
[Black "Lane, Travis"]
[Result "1-0"]
[WhiteElo "2186"]
[BlackElo "1895"]
[PlyCount "65"]
[GameId "2160767911095570"]
[EventDate "2004.07.09"]
[EventType "swiss"]
[EventRounds "10"]
[EventCountry "CAN"]

1. Nf3 Nf6 2. c4 g6 3. d4 Bg7 4. g3 O-O 5. Bg2 d6 6. O-O Nbd7 7. Nc3 e5 8. Qc2 Re8 9. Rd1 exd4 10. Nxd4 a6 11. b3 Rb8 12. Ba3 c5 13. Nf3 b5 14. Bb2 bxc4 15. Rxd6 cxb3 16. axb3 c4 17. Nd2 cxb3 18. Nxb3 Qe7 19. Ba3 Qe5 20. Rd3 Rb6 21. Rad1 Qb8 22. Na5 Rbe6 23. Bd6 Rxd6 24. Rxd6 Qb4 25. Nc6 Qc5 26. Qd3 Ng4 27. Qf3 Bxc3 28. Qxg4 Nf6 29. Qf4 Nh5 30. Qf3 Be6 31. Rd8 Rxd8 32. Nxd8 Bb3 33. Rc1 1-0

[Event "Western Canadian op"]
[Site "Richmond CAN"]
[Date "2004.07.13"]
[Round "5.10"]
[White "Salcedo, Daniel"]
[Black "Milicevic, Dragoljub"]
[Result "0-1"]
[WhiteElo "2038"]
[BlackElo "2182"]
[PlyCount "82"]
[GameId "2160767911095571"]
[EventDate "2004.07.09"]
[EventType "swiss"]
[EventRounds "10"]
[EventCountry "CAN"]

1. d4 f5 2. Nf3 g6 3. g3 Bg7 4. Bg2 Nf6 5. O-O O-O 6. c4 d6 7. b4 c6 8. Bb2 e6 9. Nbd2 Qe7 10. c5 d5 11. Ne5 Nbd7 12. Ndf3 Ne4 13. e3 g5 14. Nd3 g4 15. Nfe5 Nxe5 16. dxe5 Ng5 17. Bd4 Bd7 18. h4 gxh3 19. Bh1 Be8 20. Kh2 Bg6 21. f4 Ne4 22. Bf3 Kh8 23. Kxh3 Rg8 24. Rh1 Bf8 25. Kg2 Qg7 26. Rh3 Be7 27. Qh1 a5 28. Bxe4 fxe4 29. Nf2 Bf5 30. g4 Bxg4 31. Nxg4 Qxg4+ 32. Kf2 Rg7 33. bxa5 Rxa5 34. a4 Bxc5 35. Qh2 Bxd4 36. Rh1 Rxa4 37. Rxh7+ Kg8 38. Rh8+ Kf7 39. Qh5+ Qxh5 40. R1xh5 Ra2+ 41. Kf1 Bxe3 0-1

[Event "Western Canadian op"]
[Site "Richmond CAN"]
[Date "2004.07.13"]
[Round "5.11"]
[White "Lee, John"]
[Black "Yoos, John"]
[Result "1/2-1/2"]
[WhiteElo "2038"]
[BlackElo "2449"]
[PlyCount "87"]
[GameId "2160767911095572"]
[EventDate "2004.07.09"]
[EventType "swiss"]
[EventRounds "10"]
[EventCountry "CAN"]

1. c4 e5 2. g3 Nc6 3. Bg2 g6 4. Nc3 d6 5. d3 Bg7 6. Nf3 h6 7. O-O Be6 8. h3 Qd7 9. Kh2 Nge7 10. e4 O-O 11. Ng1 f5 12. f4 exf4 13. Bxf4 fxe4 14. Bxe4 Nd4 15. Qd2 g5 16. Be3 c6 17. Nce2 Nxe2 18. Qxe2 d5 19. cxd5 Nxd5 20. Bc5 Rf6 21. Rxf6 Nxf6 22. Bg6 b6 23. Bf2 Rd8 24. d4 Rf8 25. b3 g4 26. Re1 Bf5 27. Bxf5 Qxf5 28. Qe6+ Qxe6 29. Rxe6 Nd5 30. Kg2 gxh3+ 31. Nxh3 Rf6 32. Rxf6 Bxf6 33. Nf4 Nb4 34. a4 Nc2 35. Ne2 Na1 36. b4 Nc2 37. b5 cxb5 38. axb5 Na3 39. Nc3 Be7 40. Kf3 Bb4 41. Nd5 Bd2 42. Nc7 Kf7 43. Be3 Bxe3 44. Kxe3 1/2-1/2

[Event "Western Canadian op"]
[Site "Richmond CAN"]
[Date "2004.07.13"]
[Round "5.12"]
[White "Yousefzadeh, Mehrdad"]
[Black "Metz, Hartmut"]
[Result "0-1"]
[WhiteElo "2024"]
[BlackElo "2290"]
[PlyCount "86"]
[GameId "2160767911095573"]
[EventDate "2004.07.09"]
[EventType "swiss"]
[EventRounds "10"]
[EventCountry "CAN"]

1. d4 c6 2. Nf3 d5 3. c4 Nf6 4. Nc3 dxc4 5. a4 Bf5 6. Ne5 e6 7. f3 Bb4 8. Nxc4 O-O 9. e4 Bxe4 10. fxe4 Nxe4 11. Qd3 f5 12. Be2 c5 13. dxc5 Qxd3 14. Bxd3 Nxc3 15. Bd2 Nd5 16. Nd6 Nc6 17. Rc1 Na5 18. Bc4 Bxd2+ 19. Kxd2 Nxc4+ 20. Rxc4 Rab8 21. Re1 Nc7 22. Ke3 Rfd8 23. Kf3 g6 24. b4 Kg7 25. Rc2 Kf6 26. Nc4 Rd3+ 27. Kf2 Rd5 28. Ree2 Rd4 29. Ne5 Re8 30. Rb2 Nd5 31. c6 bxc6 32. Nxc6 Rc4 33. Nxa7 Nxb4 34. Re3 Ra8 35. Reb3 Rxa7 36. Rxb4 Rxa4 37. Rb7 Rf4+ 38. Kg3 Ra3+ 39. R2b3 Rxb3+ 40. Rxb3 g5 41. Kh3 h5 42. g3 Rf2 43. g4 Rf3+ 0-1

[Event "Western Canadian op"]
[Site "Richmond CAN"]
[Date "2004.07.13"]
[Round "5.13"]
[White "McLaren, Brian"]
[Black "Kazmaier, Daniel"]
[Result "0-1"]
[WhiteElo "2270"]
[BlackElo "1974"]
[PlyCount "56"]
[GameId "2160767911095574"]
[EventDate "2004.07.09"]
[EventType "swiss"]
[EventRounds "10"]
[EventCountry "CAN"]

1. e4 e6 2. d4 d5 3. Nc3 Nf6 4. e5 Nfd7 5. f4 c5 6. Nf3 Nc6 7. Ne2 b5 8. dxc5 Bxc5 9. Ned4 Nxd4 10. Nxd4 Nxe5 11. Bxb5+ Bd7 12. Be2 Qb6 13. Nb3 Bf2+ 14. Kf1 Nc4 15. Qd3 Be3 16. g3 Bb5 17. Qd1 d4 18. Ke1 Rd8 19. Bd3 O-O 20. Qh5 f5 21. Qe2 Qc6 22. Rf1 Rd5 23. a4 Ba6 24. Nd2 Bxd2+ 25. Bxd2 e5 26. b3 Nxd2 27. Bxa6 Nxf1 28. Kxf1 d3 0-1

[Event "Western Canadian op"]
[Site "Richmond CAN"]
[Date "2004.07.13"]
[Round "5.15"]
[White "Goutor, Valentina"]
[Black "Tegzes, Laszlo"]
[Result "1/2-1/2"]
[WhiteElo "1999"]
[BlackElo "2118"]
[PlyCount "105"]
[GameId "2160767911095576"]
[EventDate "2004.07.09"]
[EventType "swiss"]
[EventRounds "10"]
[EventCountry "CAN"]

1. e4 c5 2. Nf3 e6 3. d4 cxd4 4. Nxd4 Nf6 5. Nc3 Nc6 6. g3 Bb4 7. Bg2 O-O 8. O-O a6 9. Nxc6 bxc6 10. e5 Ne8 11. Bxc6 Rb8 12. Be4 Qc7 13. Ne2 Qxe5 14. Bf4 Qxe4 15. Bxb8 Bc5 16. Qd3 Qc6 17. Nd4 Qb6 18. Nb3 Bxf2+ 19. Rxf2 Qxb8 20. c3 Nf6 21. Raf1 Ng4 22. Rf4 f5 23. h3 Nf6 24. g4 Nd5 25. R4f2 Qe5 26. Nd2 Ne3 27. Rf4 Nxf1 28. Qxf1 Bb7 29. Nc4 Qd5 30. Kh2 e5 31. Rxf5 Rxf5 32. gxf5 e4 33. Kg3 e3 34. Nxe3 Qxa2 35. Qc4+ Qxc4 36. Nxc4 Kf8 37. Kf4 Bd5 38. Nd6 Ke7 39. Ke5 Bg2 40. h4 Bf1 41. b4 Bg2 42. c4 Kd8 43. c5 Ke7 44. Nc4 Bf3 45. Ne3 Be2 46. Nd5+ Kd8 47. f6 gxf6+ 48. Nxf6 Bd3 49. Kd6 Bf5 50. Nd5 Be4 51. Ke5 Bd3 52. h5 h6 53. Kd6 1/2-1/2

[Event "Western Canadian op"]
[Site "Richmond CAN"]
[Date "2004.07.13"]
[Round "5.16"]
[White "Raymer, Evan"]
[Black "North, Robert"]
[Result "0-1"]
[WhiteElo "1576"]
[BlackElo "2115"]
[PlyCount "52"]
[GameId "2160767911095577"]
[EventDate "2004.07.09"]
[EventType "swiss"]
[EventRounds "10"]
[EventCountry "CAN"]

1. e4 c5 2. Nc3 Nc6 3. g3 g6 4. Bg2 Bg7 5. d3 d6 6. Nge2 e6 7. f4 Nge7 8. Be3 Nd4 9. Rb1 O-O 10. O-O d5 11. g4 f5 12. gxf5 gxf5 13. exd5 exd5 14. Bf2 Ne6 15. Bh4 Bf6 16. Qe1 d4 17. Bxf6 Rxf6 18. Qh4 Rg6 19. Nd1 Qf8 20. Kh1 Rg4 21. Qh3 Ng6 22. Bd5 Kh8 23. Bxe6 Bxe6 24. Nf2 Bd5+ 25. Ne4 Rh4 26. Qg3 Qh6 0-1

[Event "Western Canadian op"]
[Site "Richmond CAN"]
[Date "2004.07.13"]
[Round "5.17"]
[White "Obers, Frits"]
[Black "Lee, Mau Seng"]
[Result "0-1"]
[WhiteElo "2096"]
[BlackElo "1949"]
[PlyCount "44"]
[GameId "2160767911095578"]
[EventDate "2004.07.09"]
[EventType "swiss"]
[EventRounds "10"]
[EventCountry "CAN"]

1. d4 Nf6 2. c4 g6 3. Nc3 Bg7 4. e4 d6 5. f4 e6 6. Nf3 Nc6 7. e5 Nd7 8. Be2 b6 9. O-O Bb7 10. d5 exd5 11. cxd5 Ne7 12. e6 fxe6 13. Ng5 Nc5 14. dxe6 O-O 15. g4 Qc8 16. f5 gxf5 17. gxf5 Nxf5 18. Rxf5 Rxf5 19. Bg4 Re5 20. Bf4 Qf8 21. Bxe5 Bxe5 22. Nd5 Qg7 0-1

[Event "Western Canadian op"]
[Site "Richmond CAN"]
[Date "2004.07.13"]
[Round "5.18"]
[White "Allan, Denis"]
[Black "Lau, Robert"]
[Result "1/2-1/2"]
[WhiteElo "2381"]
[BlackElo "1980"]
[PlyCount "129"]
[GameId "2160767911095579"]
[EventDate "2004.07.09"]
[EventType "swiss"]
[EventRounds "10"]
[EventCountry "CAN"]

1. g3 e6 2. Bg2 Nf6 3. b3 Be7 4. Bb2 O-O 5. Nf3 d5 6. O-O b6 7. c4 Bb7 8. Qc2 c5 9. cxd5 Nxd5 10. Nc3 Nxc3 11. Bxc3 Nd7 12. Rad1 Rc8 13. Qb1 Bf6 14. Ng5 Bxg5 15. Bxb7 Rc7 16. Bg2 Bf6 17. Qe4 Qe7 18. Qf4 Rfc8 19. Qc4 g6 20. Bxf6 Qxf6 21. Rc1 Qd4 22. d3 Ne5 23. Qa6 Rd8 24. Rc2 Qd6 25. Rfc1 Rdc8 26. h3 Qd7 27. a3 h5 28. b4 Kg7 29. bxc5 bxc5 30. Qa5 Qd4 31. Rc3 Qd6 32. Qa4 Nd7 33. e3 Nb6 34. Qa6 Qd7 35. h4 Kh7 36. Kh2 Kg7 37. Bf3 Kh7 38. Qa5 Qd6 39. Qb5 Nd5 40. R3c2 Ne7 41. Qc4 Nd5 42. Kg2 Nb6 43. Qc3 Nd5 44. Qb2 Nb6 45. Be2 Nd5 46. d4 cxd4 47. Rxc7 Rxc7 48. Rxc7 Nxc7 49. Qxd4 Qxd4 50. exd4 Kg7 51. Kf3 Kf6 52. Ke4 Ke7 53. Bc4 Kd6 54. f3 Na8 55. Kf4 Nb6 56. Bb3 f6 57. g4 Nd5+ 58. Kg3 f5 59. gxh5 gxh5 60. f4 Nc3 61. Kf2 Nb5 62. a4 Nxd4 63. Bd1 e5 64. fxe5+ Kxe5 65. Bxh5 1/2-1/2

[Event "Western Canadian op"]
[Site "Richmond CAN"]
[Date "2004.07.13"]
[Round "5.19"]
[White "Reid, Richard"]
[Black "Meng, Fanhao"]
[Result "0-1"]
[WhiteElo "1767"]
[BlackElo "2284"]
[PlyCount "94"]
[GameId "2160767911095580"]
[EventDate "2004.07.09"]
[EventType "swiss"]
[EventRounds "10"]
[EventCountry "CAN"]

1. d4 g6 2. c4 Bg7 3. Nc3 d6 4. Nf3 Nd7 5. Bf4 e5 6. dxe5 dxe5 7. Bg5 f6 8. Be3 Ne7 9. g3 O-O 10. Bg2 c6 11. Nh4 g5 12. Nf3 Nf5 13. Bd2 g4 14. Nh4 Nxh4 15. gxh4 f5 16. Bg5 Qe8 17. Bd2 Qh5 18. h3 Qxh4 19. hxg4 Qxg4 20. Rg1 Kh8 21. Qb3 Nc5 22. Qb4 Ne6 23. O-O-O a5 24. Qe7 Bf6 25. Qxf8+ Nxf8 26. Bd5 Qxg1 27. Rxg1 cxd5 28. Nxd5 Bg7 29. Nb6 Rb8 30. Bxa5 Be6 31. Rd1 Bf6 32. Nd5 Bxd5 33. Rxd5 Kg7 34. Bb4 Rd8 35. Rb5 Rd7 36. Ra5 h5 37. Ra3 h4 38. Rh3 Ne6 39. Bd2 Kg6 40. b4 Kh5 41. f3 Bg5 42. e3 f4 43. exf4 Bxf4 44. Bxf4 Nxf4 45. Rh2 h3 46. Rh1 Kh4 47. Kc2 Kg3 0-1

[Event "Western Canadian op"]
[Site "Richmond CAN"]
[Date "2004.07.13"]
[Round "5.20"]
[White "Krzyzowski, Ernest"]
[Black "Sladek, Vaclav"]
[Result "1/2-1/2"]
[WhiteElo "1741"]
[BlackElo "2009"]
[PlyCount "71"]
[GameId "2160767911095581"]
[EventDate "2004.07.09"]
[EventType "swiss"]
[EventRounds "10"]
[EventCountry "CAN"]

1. c4 e5 2. Nc3 Nc6 3. d3 Bb4 4. Qb3 Bc5 5. Nf3 Nf6 6. Bg5 Be7 7. e4 d6 8. h3 O-O 9. Be2 Bd7 10. O-O a5 11. Rad1 a4 12. Qc2 Nd4 13. Nxd4 exd4 14. Bxf6 Bxf6 15. Nd5 Bg5 16. f4 c6 17. fxg5 cxd5 18. g6 hxg6 19. cxd5 Rc8 20. Qd2 b5 21. Rc1 Qe7 22. Rxc8 Rxc8 23. Rc1 Rc5 24. Rxc5 dxc5 25. Qf4 f6 26. Qc7 c4 27. d6 Qe6 28. dxc4 Qxe4 29. Qxd7 Qe3+ 30. Kh1 Qc1+ 31. Kh2 Qf4+ 32. Kh1 Qc1+ 33. Kh2 Qf4+ 34. Kh1 Qc1+ 35. Kh2 Qf4+ 36. Kh1 1/2-1/2

[Event "Western Canadian op"]
[Site "Richmond CAN"]
[Date "2004.07.13"]
[Round "5.22"]
[White "Mandic, Slaven"]
[Black "Strazhnik, Mikhail"]
[Result "1-0"]
[WhiteElo "1979"]
[BlackElo "1749"]
[PlyCount "74"]
[GameId "2160767911095582"]
[EventDate "2004.07.09"]
[EventType "swiss"]
[EventRounds "10"]
[EventCountry "CAN"]

1. f4 d5 2. e3 g6 3. Nf3 Bg7 4. d4 Nf6 5. Bd3 b6 6. Qe2 O-O 7. O-O c5 8. c3 a5 9. a4 Ba6 10. Nbd2 Bxd3 11. Qxd3 Qc7 12. Ne5 Nc6 13. Rf3 e6 14. Rh3 Rac8 15. Ndf3 Ne4 16. Bd2 f6 17. Ng4 c4 18. Qe2 Qd7 19. Qe1 f5 20. Nge5 Nxe5 21. dxe5 Rfe8 22. Qh4 Bf8 23. Bc1 Qe7 24. Qe1 Qd7 25. Nd4 Bc5 26. Nb5 Qe7 27. Rf3 h5 28. h3 Kf7 29. Qe2 Rg8 30. Bd2 g5 31. fxg5 Rxg5 32. Kh2 Rcg8 33. Rg1 h4 34. Be1 Ng3 35. Qd1 Ke8 36. Bf2 Qh7 37. b4 Be7 1-0

[Event "Western Canadian op"]
[Site "Richmond CAN"]
[Date "2004.07.13"]
[Round "5.24"]
[White "Steininger, Gavin"]
[Black "Sullivan, Brian"]
[Result "1-0"]
[WhiteElo "1955"]
[BlackElo "1629"]
[PlyCount "59"]
[GameId "2160767911095583"]
[EventDate "2004.07.09"]
[EventType "swiss"]
[EventRounds "10"]
[EventCountry "CAN"]

1. e4 e6 2. d4 d5 3. Nc3 dxe4 4. Nxe4 Nf6 5. Bg5 Be7 6. Nxf6+ Bxf6 7. Bxf6 Qxf6 8. Nf3 O-O 9. Bd3 Nc6 10. Qd2 b6 11. h4 h6 12. O-O-O Bb7 13. Be4 Na5 14. Bxb7 Nxb7 15. Ne5 Rfd8 16. g4 c5 17. g5 Qf5 18. Nc6 Rd7 19. gxh6 Qd5 20. dxc5 Qxd2+ 21. Rxd2 Rc7 22. Ne5 Rxc5 23. h7+ Kxh7 24. Nxf7 Kg6 25. Rd7 Rf5 26. Rg1+ Kf6 27. Rxb7 Rxf2 28. Ng5 Ke5 29. Rd7 Raf8 30. Re1+ 1-0

[Event "Western Canadian op"]
[Site "Richmond CAN"]
[Date "2004.07.13"]
[Round "5.26"]
[White "Kyriakides, Savvas"]
[Black "Dekker, Case"]
[Result "0-1"]
[WhiteElo "1946"]
[BlackElo "1561"]
[PlyCount "80"]
[GameId "2160767911095584"]
[EventDate "2004.07.09"]
[EventType "swiss"]
[EventRounds "10"]
[EventCountry "CAN"]

1. f4 d5 2. Nf3 Nf6 3. e3 Bg4 4. Be2 e6 5. O-O Bc5 6. c3 c6 7. b4 Bb6 8. a4 O-O 9. a5 Bc7 10. d4 Ne4 11. Ne5 Bxe2 12. Qxe2 Bxe5 13. fxe5 Qg5 14. Bb2 Nd7 15. Nd2 Nxd2 16. Qxd2 f6 17. Rad1 fxe5 18. Bc1 Nf6 19. e4 Qxd2 20. Bxd2 Nxe4 21. Rf3 exd4 22. cxd4 a6 23. Bf4 Rf5 24. g4 Rf7 25. Kg2 g5 26. Be3 Raf8 27. Rdf1 Rxf3 28. Rxf3 Rxf3 29. Kxf3 Kf7 30. Ke2 Kf6 31. Kd3 Kg6 32. Bc1 h5 33. h3 hxg4 34. hxg4 Nf6 35. Ke3 Nxg4+ 36. Kf3 Kf5 37. Kg3 Nf6 38. Be3 Nh5+ 39. Kh3 Nf4+ 40. Kg3 Ke4 0-1

[Event "Western Canadian op"]
[Site "Richmond CAN"]
[Date "2004.07.13"]
[Round "5.27"]
[White "Sutherland, Daniel"]
[Black "Davies, Noam"]
[Result "0-1"]
[WhiteElo "1457"]
[BlackElo "1898"]
[PlyCount "98"]
[GameId "2160767911095585"]
[EventDate "2004.07.09"]
[EventType "swiss"]
[EventRounds "10"]
[EventCountry "CAN"]

1. e4 c5 2. Nf3 e6 3. d4 cxd4 4. Nxd4 a6 5. Be3 Nf6 6. Bd3 Qc7 7. c4 Bb4+ 8. Nc3 Bxc3+ 9. bxc3 d5 10. exd5 exd5 11. Be2 O-O 12. Qb3 Nbd7 13. Nf3 Nc5 14. Qb4 Nce4 15. O-O Bg4 16. Bb6 Qc8 17. Rfd1 dxc4 18. Rac1 Be6 19. Qb1 Bd5 20. h3 Re8 21. Bf1 Qf5 22. Nd2 Rac8 23. f3 Nd6 24. Bf2 Qxb1 25. Rxb1 Nb5 26. Rdc1 Red8 27. Be3 Rd7 28. Kf2 Be6 29. a4 Nd6 30. Rb6 Nd5 31. Rb2 b5 32. axb5 axb5 33. Ne4 Nxe4+ 34. fxe4 Nxe3 35. Kxe3 Rb7 36. g4 Bd7 37. Rcb1 Rbc7 38. Rb4 Bc6 39. Be2 Re8 40. Kf2 Bxe4 41. R1b2 Bc6 42. Ra2 Rce7 43. Bf1 g6 44. Ra6 Re6 45. g5 h6 46. h4 hxg5 47. hxg5 f6 48. Rxb5 Bxb5 49. Rxe6 Rxe6 0-1

[Event "Western Canadian op"]
[Site "Richmond CAN"]
[Date "2004.07.13"]
[Round "5.30"]
[White "Sum, Peter"]
[Black "Gaciu, Vlad"]
[Result "1/2-1/2"]
[WhiteElo "1791"]
[BlackElo "1425"]
[PlyCount "97"]
[GameId "2160767911095587"]
[EventDate "2004.07.09"]
[EventType "swiss"]
[EventRounds "10"]
[EventCountry "CAN"]

1. d4 d5 2. c4 c6 3. Nf3 Nf6 4. Bf4 dxc4 5. e3 b5 6. a4 Qa5+ 7. Nbd2 Qb6 8. Qc2 e6 9. b3 cxb3 10. Qxb3 Ba6 11. axb5 cxb5 12. Nc4 bxc4 13. Qxb6 axb6 14. Bxb8 Rxb8 15. Rxa6 Bb4+ 16. Kd1 Ne4 17. Bxc4 Nxf2+ 18. Ke2 Nxh1 19. Ne5 O-O 20. Nd7 Ra8 21. Nxf8 Rxa6 22. Bxa6 Kxf8 23. Bb7 Ng3+ 24. hxg3 Ke7 25. e4 Bd6 26. Kf3 b5 27. Ba6 b4 28. Bc4 Kd7 29. e5 Be7 30. Ke3 Ke8 31. Kd2 Kf8 32. Kc2 g6 33. Kb3 Kg7 34. d5 exd5 35. Bxd5 f6 36. exf6+ Kxf6 37. g4 Kg5 38. Bf3 Kf4 39. Kc4 Ke3 40. Kb3 Kd3 41. Bd5 Ke3 42. Bf3 Kf4 43. Kc4 Kg5 44. Kb3 h5 45. gxh5 gxh5 46. Bc6 Kf4 47. Bb7 h4 48. Bc6 Kg3 49. Bb7 1/2-1/2

[Event "Western Canadian op"]
[Site "Richmond CAN"]
[Date "2004.07.13"]
[Round "5.34"]
[White "Raymer, Elliot"]
[Black "Daswani, Benedict"]
[Result "0-1"]
[WhiteElo "1561"]
[BlackElo "1854"]
[PlyCount "80"]
[GameId "2160767911095588"]
[EventDate "2004.07.09"]
[EventType "swiss"]
[EventRounds "10"]
[EventCountry "CAN"]

1. e4 g6 2. d4 d6 3. Nc3 Bg7 4. Bg5 Nf6 5. f4 O-O 6. e5 Ng4 7. Nd5 f6 8. Bh4 c6 9. Nc3 fxe5 10. dxe5 Rxf4 11. exd6 Rxf1+ 12. Kxf1 Ne3+ 13. Ke2 Nxd1 14. dxe7 Bg4+ 15. Nf3 Nxc3+ 16. bxc3 Qd7 17. Rad1 Bxf3+ 18. gxf3 Qe6+ 19. Kf2 Nd7 20. Rhe1 Be5 21. Rd3 Qh3 22. Bg3 Bxg3+ 23. hxg3 Re8 24. Re4 Qh2+ 25. Kf1 Qxg3 26. Rde3 Kf7 27. Rg4 Qh3+ 28. Kg1 Rxe7 29. Rxe7+ Kxe7 30. Kf2 Ne5 31. Rg3 Qh2+ 32. Kf1 Qxg3 33. Ke2 Qxf3+ 34. Kd2 Nc4+ 35. Ke1 Qe3+ 36. Kf1 Nd2+ 37. Kg2 Qf3+ 38. Kg1 Qg3+ 39. Kh1 Nf1 40. a4 Qh2# 0-1